Computational fluid dynamics (Record no. 5417)

000 -LEADER
fixed length control field 00558nam a22002054a 4500
001 - CONTROL NUMBER
control field 5417
003 - CONTROL NUMBER IDENTIFIER
control field BD-DhUET
008 - FIXED-LENGTH DATA ELEMENTS--GENERAL INFORMATION
fixed length control field 001218s2002 enka b 001 0 eng
020 ## - INTERNATIONAL STANDARD BOOK NUMBER
International Standard Book Number 0521594162
040 ## - CATALOGING SOURCE
Original cataloging agency DLC
Transcribing agency DLC
Modifying agency BD-DhUET
082 00 - DEWEY DECIMAL CLASSIFICATION NUMBER
Classification number 532.050285
Item number CHU/2002
100 ## - MAIN ENTRY--PERSONAL NAME
Personal name Chung, T. J.
245 10 - TITLE STATEMENT
Title Computational fluid dynamics
250 ## - EDITION STATEMENT
Edition statement 1st ed.
260 ## - PUBLICATION, DISTRIBUTION, ETC. (IMPRINT)
Place of publication, distribution, etc. New York
Name of publisher, distributor, etc. Cambridge University Press
Date of publication, distribution, etc. 2002
300 ## - PHYSICAL DESCRIPTION
Extent xxiii, 1012 p.
Other physical details ill.
Dimensions 26 cm.
504 ## - BIBLIOGRAPHY, ETC. NOTE
Bibliography, etc Includes bibliographies
650 #0 - SUBJECT ADDED ENTRY--TOPICAL TERM
Topical term or geographic name as entry element Fluid dynamics - Data processing
942 ## - ADDED ENTRY ELEMENTS (KOHA)
Koha item type General Book
Holdings
Withdrawn status Source of classification or shelving scheme Shelving location Lost status Location (home branch) Koha full call number Piece designation (barcode) Koha date last seen Date acquired Sublocation or collection (holding branch) Damaged status Koha item type Koha normalized classification for sorting Copy number Not for loan Price effective from
  Circulation section Central Library, BUET532.050285/CHU/20021036362017-10-112014-11-26Central Library, BUET General Book532_000000000000000_050285CHU21 2014-11-26
  Reading section Central Library, BUET532.050285/CHU/20021012132015-06-222015-06-22Central Library, BUET Reading Item532_050285000000000_CHU_20022 2015-06-22
  Circulation section Central Library, BUET532.050285/CHU/20021026252022-04-242015-08-24Central Library, BUET General Book532_050285000000000_CHU_20023 2015-08-24
  Circulation section Central Library, BUET532.050285/CHU/20021036372018-05-072007-05-27Central Library, BUET General Book532_050285000000000_CHU_20024 2018-05-07